| 000 | 00574nam a2200217 a 4500 | ||
|---|---|---|---|
| 001 | BRCA_6736 | ||
| 005 | 20190320205554.0 | ||
| 008 | 211011s1900----gw-a######---#000-0#ger-# | ||
| 041 | _ager | ||
| 044 | _agw | ||
| 050 | 4 |
_aPT2615 _b.A76 G48 _c1900 |
|
| 100 | 1 |
_aHartleben, Otto Erich _d1864-1905 _916819 |
|
| 245 | 1 | 0 |
_aDie Geschichte vom abgerissenen Knöpfe _cOtto Erich Hartleben |
| 250 | _a7 | ||
| 260 |
_aBerlín _bS. Fischer _c1900 |
||
| 300 |
_a126 p. _bil. _c18 cm. |
||
| 500 | _aEdición con cantos dorados. | ||
| 500 | _aI106 | ||
| 902 | _aGFM | ||
| 942 |
_2lcc _cB |
||
| 999 |
_c6419 _d6419 |
||